Kriege anhand von Schlachten erkennen - Statistiken

Allgemein
  • Dieses Quiz wurde 54 mal gespielt
  • Das Durchschnittsergebnis liegt bei 6 aus 32
Antwortstatistiken
Schlacht Krieg % Korrekt
Kesselschlacht um Kursk 2. Weltkrieg
93%
Schlacht bei Tannenberg (1914) 1. Weltkrieg
87%
Schlacht bei Trafalgar Napoleonische Kriege
65%
Schlacht von Sedan Deutsch-französischer Krieg
48%
Schlacht bei Breitenfeld Dreißigjähriger krieg
37%
Schlacht bei Crécy Hundertjähriger Krieg
26%
Schlacht bei Leuthen Siebenjähriger Krieg
22%
Gefecht bei Appomattox Court House Amerikanischer Bürgerkrieg
20%
Schlacht bei Königgrätz Deutscher Krieg
20%
Schlacht bei Poltawa Großer nordischer Krieg
20%
Lechfeldschlacht Ungarneinfälle
20%
Belagerung von Dubrovnik Jugoslawienkriege
15%
Belagerung von Bagdad Mongolensturm
15%
Schlacht um Bachmut Russisch-ukrainischer Krieg
15%
Schlacht bei Petropawlowsk-Kamtschatski Krimkrieg
11%
Schlacht von Tsushima Russisch-japanischer Krieg
11%
Schlacht bei Tannenberg (1410) Litauerkriege des Deutschen Ordens
9%
Schlacht von Stamford Bridge Wikingerinvasion von England
9%
Schlacht bei Manzikert Byzantinisch-seldschukischer Krieg
7%
Erste Schlacht von Beneventum 2. Punischer Krieg
4%
Schlacht bei Sekigahara Japanische Vereinigungskriege
4%
Schlacht von Plataiai Perserkriege
4%
Schlacht an der Weichsel Polnisch-sowjetischer Krieg
4%
Schlacht von Zhenjiang 1. Opiumkrieg
2%
Vier Tage Schlacht 2. Englisch-niederländischer Seekrieg
2%
Schlacht in Lucanien 3. Sklavenkrieg
2%
Bombardierung des Palastes von Sansibar Britisch-sansibarischer Krieg
2%
Schlacht auf den Katalaunischen Feldern Hunnische Invasion von Gallien
2%
Schlacht bei Tours und Poitiers Islamische Expansion
2%
Schlacht von Gaugamela Perserfeldzug
2%
Schlacht bei Actium Ptolemäischer Krieg
2%
Schlacht um Zarizyn Russischer Bürgerkrieg
2%
Keine übereinstimmenden Quizze gefunden
Verteilung der Resultate
Anzahl Personen mit jedem Resultat
Perzentil nach korrekt beantworteten Fragen
Ihre Resultats-Entwicklung
Sie haben dieses Quiz noch nicht gespielt